[Event "24th ch-EUR Indiv w 2024"]
[Site "Rhodes GRE"]
[Date "2024.04.29"]
[Round "10.25"]
[White "Gajcin, Marina"]
[Black "Vega Gutierrez, Sabrina"]
[Result "1/2-1/2"]
[WhiteTitle "WGM"]
[BlackTitle "IM"]
[WhiteElo "2224"]
[BlackElo "2383"]
[WhiteFideId "949086"]
[BlackFideId "2219026"]
[EventDate "2024.04.19"]

1. e4 c5 2. Nf3 g6 3. d4 cxd4 4. Nxd4 Nc6 5. c4 Nf6 6. Nc3 d6 7. Be2 Nxd4 8.
Qxd4 Bg7 9. Be3 O-O 10. Qd2 a5 11. f3 a4 12. Rb1 Qa5 13. O-O Be6 14. Rfc1 Rfc8
15. b4 axb3 16. axb3 Qb4 17. Rc2 Nd7 18. g4 f5 19. exf5 gxf5 20. Nb5 Qxd2 21.
Rxd2 fxg4 22. Nd4 Bxd4 23. Bxd4 Bf5 24. Re1 Nc5 25. Bxc5 Rxc5 26. fxg4 Be4 27.
Bd3 Bxd3 28. Rxd3 b5 29. Rxe7 bxc4 30. bxc4 Rxc4 31. Rxd6 Rxg4+ 32. Kf2 Rf8+ 33.
Ke3 Rh4 34. Rd2 Rh3+ 35. Ke4 Rh4+ 36. Ke3 Rh3+ 37. Ke4 Rh4+ 1/2-1/2

[Event "24th ch-EUR Indiv w 2024"]
[Site "Rhodes GRE"]
[Date "2024.04.29"]
[Round "10.26"]
[White "Mandura, Tijana"]
[Black "Hoang, Thanh Trang"]
[Result "0-1"]
[WhiteTitle "WIM"]
[BlackTitle "GM"]
[WhiteElo "2218"]
[BlackElo "2382"]
[WhiteFideId "16500270"]
[BlackFideId "12400149"]
[EventDate "2024.04.19"]

1. e4 e6 2. d4 d5 3. Nc3 Nf6 4. e5 Nfd7 5. f4 c5 6. Nf3 Nc6 7. Be3 cxd4 8. Nxd4
Bc5 9. Qd2 O-O 10. O-O-O Nxd4 11. Bxd4 a6 12. Kb1 b5 13. Bxc5 Nxc5 14. Qd4 Qb6
15. a3 Rb8 16. b4 Nd7 17. Qxb6 Nxb6 18. Bd3 d4 19. Ne4 Bb7 20. Kc1 Nd5 21. g3
Ne3 22. Rd2 Rfd8 23. Re1 Bxe4 24. Bxe4 Rbc8 25. Bd3 f6 26. exf6 gxf6 27. a4 bxa4
28. Bxa6 Rc3 29. Kb1 Rd6 30. Bb5 Rb6 31. Bxa4 Rxb4+ 32. Bb3 Nxc2 33. Rxc2 Rcxb3+
34. Ka2 Kf7 35. Re4 d3 36. Rc7+ Kg6 37. Rxe6 d2 38. Rd6 Rb2+ 39. Ka3 R4b3+ 40.
Ka4 Rb8 41. Ka3 Rb1 0-1

[Event "24th ch-EUR Indiv w 2024"]
[Site "Rhodes GRE"]
[Date "2024.04.29"]
[Round "10.27"]
[White "Guichard, Pauline"]
[Black "Jarocka, Liwia"]
[Result "1/2-1/2"]
[WhiteTitle "IM"]
[BlackTitle "FM"]
[WhiteElo "2362"]
[BlackElo "2212"]
[WhiteFideId "639370"]
[BlackFideId "21807558"]
[EventDate "2024.04.19"]

1. d4 d5 2. c4 e6 3. Nf3 Nf6 4. Nc3 c6 5. e3 Nbd7 6. Be2 Bd6 7. O-O O-O 8. b3 b6
9. Bb2 Bb7 10. Bd3 c5 11. cxd5 Nxd5 12. Nxd5 Bxd5 13. e4 Bb7 14. d5 exd5 15.
exd5 Be7 16. Qc2 Bf6 17. Bxh7+ Kh8 18. Be4 Bxb2 19. Qxb2 Nf6 20. Rfe1 Bxd5 21.
Bxd5 Qxd5 22. Rad1 Qb7 23. Rd6 Rfe8 24. Red1 Qe4 25. h3 Kg8 26. Qa3 Qe7 27. Qa4
Rac8 28. Ng5 Qc7 29. Qh4 Re1+ 30. Rxe1 Qxd6 31. Re3 Rd8 32. a4 Qc7 33. Nf3 Rd1+
34. Re1 Qd6 35. Qc4 Rxe1+ 36. Nxe1 Qd1 37. Kf1 Qd6 38. Nf3 Qd1+ 39. Ne1 Qd6 40.
Nf3 Qd1+ 41. Ne1 Qd6 1/2-1/2

[Event "24th ch-EUR Indiv w 2024"]
[Site "Rhodes GRE"]
[Date "2024.04.29"]
[Round "10.28"]
[White "Mammadova, Gulnar"]
[Black "Allahverdiyeva, Ayan"]
[Result "1-0"]
[WhiteTitle "IM"]
[BlackTitle "WIM"]
[WhiteElo "2352"]
[BlackElo "2152"]
[WhiteFideId "13403508"]
[BlackFideId "13412590"]
[EventDate "2024.04.19"]

1. e4 c5 2. Nf3 d6 3. Bb5+ Nd7 4. O-O a6 5. Bd3 Ngf6 6. Re1 e6 7. Bf1 b6 8. d4
cxd4 9. Nxd4 Bb7 10. Nd2 Be7 11. c4 O-O 12. a3 Nc5 13. Qc2 Qd7 14. a4 a5 15. b3
Rfe8 16. Bb2 Bf8 17. Rad1 d5 18. cxd5 exd5 19. Bb5 Qc7 20. Bxe8 Rxe8 21. Nb5 Qf4
22. g3 Qh6 23. Bxf6 Qxf6 24. Nc7 Re5 25. Nxd5 Qh6 26. Nf3 Re8 27. Nh4 Re5 28.
Qc3 Qe6 29. Nf4 Qe8 30. f3 g5 31. Nh5 Qe6 32. Nf5 g4 33. Rd8 gxf3 34. Nh6+ Qxh6
35. Qxe5 Qg6 36. Qe7 Ne6 37. Nf4 f2+ 38. Kxf2 Qh6 39. Nxe6 Qxh2+ 40. Kf3 Qh5+
41. Ke3 1-0

[Event "24th ch-EUR Indiv w 2024"]
[Site "Rhodes GRE"]
[Date "2024.04.29"]
[Round "10.29"]
[White "Garcia Martin, Marta"]
[Black "Gaboyan, Susanna"]
[Result "1/2-1/2"]
[WhiteTitle "IM"]
[BlackTitle "WIM"]
[WhiteElo "2349"]
[BlackElo "2192"]
[WhiteFideId "32084030"]
[BlackFideId "13303627"]
[EventDate "2024.04.19"]

1. e4 c5 2. Nf3 Nc6 3. Bb5 g6 4. O-O Bg7 5. c3 Nf6 6. Re1 O-O 7. d4 d5 8. e5 Ne4
9. Be3 Qb6 10. Na3 cxd4 11. Nxd4 Nxd4 12. Bxd4 Qc7 13. Bf1 b6 14. f3 Nc5 15. Nb5
Qd7 16. Bf2 Ba6 17. a4 Rfd8 18. Qc2 Rac8 19. Rad1 Qb7 20. g3 Qb8 21. Bh3 e6 22.
Nd6 Rc7 23. Bd4 Bc4 24. Nxc4 dxc4 25. Bf1 Nb3 26. Bxc4 Nxd4 27. Rxd4 Bxe5 28.
Rxd8+ Qxd8 29. Qe2 Bf6 30. Rd1 Rd7 31. Rd3 1/2-1/2

[Event "24th ch-EUR Indiv w 2024"]
[Site "Rhodes GRE"]
[Date "2024.04.29"]
[Round "10.30"]
[White "Nilssen, Ellen Fredericia"]
[Black "Rakhmangulova, Anastasiya"]
[Result "0-1"]
[WhiteTitle "WFM"]
[BlackTitle "WGM"]
[WhiteElo "2195"]
[BlackElo "2324"]
[WhiteFideId "1441230"]
[BlackFideId "14117479"]
[EventDate "2024.04.19"]

1. d4 Nf6 2. Nf3 g6 3. c4 Bg7 4. Nc3 d6 5. g3 O-O 6. Bg2 a6 7. O-O Nc6 8. d5 Na5
9. b3 c5 10. dxc6 Nxc6 11. Bb2 Ne4 12. Qc1 Nxc3 13. Bxc3 Bxc3 14. Qxc3 Bg4 15.
Nd4 Qd7 16. e4 Nxd4 17. Qxd4 e5 18. Qb6 Rac8 19. f3 Rc6 20. Qe3 Bh3 21. Bxh3
Qxh3 22. Rad1 b5 23. cxb5 axb5 24. Rc1 Rfc8 25. Rxc6 Rxc6 26. Rc1 Qc8 27. Rxc6
Qxc6 28. Qa7 Kg7 29. h4 h5 30. Kg2 b4 31. Qf2 Qc3 32. Qb6 Qd2+ 33. Qf2 Qd3 34.
Qb6 Qe2+ 35. Qf2 Qxf2+ 36. Kxf2 f5 37. Ke3 Kf6 38. Kd3 f4 39. g4 hxg4 40. fxg4
Ke6 41. Kc4 f3 42. Kd3 d5 43. Ke3 dxe4 44. Kf2 Kd6 45. Ke3 Kd5 46. Kf2 Kd4 47.
h5 gxh5 48. gxh5 e3+ 49. Kxf3 Kd3 50. h6 e2 51. h7 e1=Q 52. h8=Q Qf1+ 53. Kg4
Qf4+ 54. Kh3 Ke2 55. Qc8 Kf3 56. Qc6+ e4 57. Qg6 Kf2 58. Qg2+ Ke1 59. Qg6 e3 60.
Kg2 Kd2 61. Qb1 Qg4+ 62. Kh2 Qh4+ 63. Kg2 Qg5+ 64. Kf3 Qf6+ 65. Kg2 e2 0-1

[Event "24th ch-EUR Indiv w 2024"]
[Site "Rhodes GRE"]
[Date "2024.04.29"]
[Round "10.32"]
[White "Babiy, Olga"]
[Black "Olde, Margareth"]
[Result "1/2-1/2"]
[WhiteTitle "WGM"]
[BlackTitle "WIM"]
[WhiteElo "2306"]
[BlackElo "2146"]
[WhiteFideId "14117258"]
[BlackFideId "4503082"]
[EventDate "2024.04.19"]

1. d4 d5 2. Bf4 Nf6 3. e3 e6 4. Nf3 Bd6 5. Nbd2 Bxf4 6. exf4 b6 7. Ne5 O-O 8. g4
Ne4 9. Nxe4 dxe4 10. Qd2 Bb7 11. Rg1 f6 12. Nc4 Nc6 13. O-O-O Qd5 14. Kb1 Rad8
15. c3 f5 16. f3 exf3 17. Bd3 Ba6 18. b3 Ne7 19. Kb2 b5 20. Ne5 c5 21. gxf5 Nxf5
22. Bxf5 Rxf5 23. Qf2 Qe4 24. Qg3 g5 25. Nxf3 h6 26. Nh4 Qe2+ 27. Kc1 Rfd5 28.
Rd2 Qe4 29. Re1 Qxf4 30. Qxf4 gxf4 31. Rxe6 Bc8 32. Rxh6 Rg5 33. Nf3 Rg7 34.
dxc5 Rxd2 35. Kxd2 Rg2+ 36. Kd3 Kg7 37. Rh4 Bf5+ 38. Kd4 Bg4 39. Ne5 Be6 40.
Rxf4 Rd2+ 41. Nd3 Rxa2 42. h4 a5 43. c6 a4 44. bxa4 bxa4 45. c7 Rd2 46. Re4 Bf5
47. Ke3 Rc2 48. Rc4 Bc8 49. Kd4 Rh2 50. Kc5 a3 51. Ra4 Rh3 52. Ne5 Rxc3+ 53. Nc4
Be6 54. Kd6 Kf6 55. Nxa3 Rd3+ 56. Kc5 Rc3+ 57. Kb6 Rb3+ 58. Kc6 Rc3+ 59. Kb6
Rb3+ 60. Kc5 Rc3+ 61. Nc4 Ke7 62. Kb6 Rb3+ 63. Kc6 Bd7+ 64. Kd5 Rb5+ 65. Kd4 Rh5
66. Ra8 Rxh4+ 67. Kc5 Rh5+ 68. Kd4 Rh4+ 69. Kc5 Rh5+ 70. Kb6 Rb5+ 71. Ka6 Rc5
72. Nb6 Rxc7 73. Nd5+ Kd6 74. Nxc7 Kxc7 75. Rf8 Bc6 76. Rf6 Bd5 77. Kb5 Kd7 78.
Kc5 Be6 79. Kd4 Kd6 80. Rh6 Ke7 81. Ke5 Bg8 82. Rg6 Kf7 83. Ra6 Kg7 84. Kf5 Bb3
85. Ra7+ Kg8 86. Kf6 Bc4 87. Rc7 Bb3 88. Rc3 Ba2 89. Ra3 Bc4 90. Rg3+ Kh7 91.
Rh3+ Kg8 92. Rh4 Bb3 93. Rb4 Ba2 94. Rb7 Bc4 95. Rg7+ Kh8 96. Rc7 Ba2 97. Rb7
Bc4 98. Rb4 Bg8 99. Kg6 Bh7+ 100. Kh6 Bg8 101. Rb7 Bc4 102. Rb4 Bg8 103. Kg6
Bh7+ 104. Kf7 Bg8+ 105. Kf6 Bh7 106. Rb7 Bg8 107. Kg6 Bc4 108. Rh7+ Kg8 109. Rd7
Kf8 110. Kf6 Kg8 111. Rg7+ Kh8 112. Kg6 Bd3+ 113. Kf7 Bc4+ 114. Kf8 Bd3 115. Rg3
Bb1 116. Rg1 Bd3 117. Kf7 Bc4+ 118. Kg6 Bd3+ 119. Kf6 Bc2 120. Rh1+ Kg8 121.
Rg1+ 1/2-1/2

[Event "24th ch-EUR Indiv w 2024"]
[Site "Rhodes GRE"]
[Date "2024.04.29"]
[Round "10.33"]
[White "Zhukova, Natalia"]
[Black "Suleimanova, Ava"]
[Result "1-0"]
[WhiteTitle "GM"]
[BlackTitle "WGM"]
[WhiteElo "2301"]
[BlackElo "2139"]
[WhiteFideId "14101513"]
[BlackFideId "4137728"]
[EventDate "2024.04.19"]

1. d4 Nf6 2. c4 c5 3. d5 b5 4. Qc2 bxc4 5. Nc3 e6 6. e4 exd5 7. e5 Bb7 8. exf6
Qxf6 9. Nf3 h6 10. Qd1 Qf5 11. Nb5 Kd8 12. Be2 a6 13. Na3 Be7 14. O-O g5 15. Re1
g4 16. Nd2 h5 17. Nf1 Bh4 18. Ng3 Qg6 19. Bf4 Bf6 20. Qd2 a5 21. Bxb8 Rxb8 22.
Qxa5+ Kc8 23. Nb5 1-0

[Event "24th ch-EUR Indiv w 2024"]
[Site "Rhodes GRE"]
[Date "2024.04.29"]
[Round "10.34"]
[White "Klek, Hanna Marie"]
[Black "Abdinova, Narmin"]
[Result "1-0"]
[WhiteTitle "WGM"]
[WhiteElo "2294"]
[BlackElo "2087"]
[WhiteFideId "24670057"]
[BlackFideId "13425340"]
[EventDate "2024.04.19"]

1. e4 c5 2. Nf3 a6 3. c3 Nf6 4. e5 Nd5 5. c4 Nc7 6. d4 cxd4 7. Qxd4 Nc6 8. Qe4
g6 9. Nc3 Bg7 10. Bf4 O-O 11. h4 f5 12. Qe3 Ne6 13. g3 Qa5 14. O-O-O d6 15. Rd5
b5 16. cxb5 Nxf4 17. gxf4 Nb4 18. Rd4 axb5 19. a3 Nc6 20. Rd5 Be6 21. Rxb5 Qc7
22. Ng5 Bd7 23. Bc4+ Kh8 24. exd6 exd6 25. Nd5 Qd8 26. h5 Ne5 27. fxe5 Bxb5 28.
hxg6 Bxc4 29. Rxh7+ Kg8 30. Rxg7+ Kxg7 31. Ne6+ Kxg6 32. Ndf4+ Kf7 33. Nxd8+
Rfxd8 34. e6+ Ke7 35. Qd4 d5 36. Kd2 Rdb8 37. Qe5 Rg8 38. Qxf5 Raf8 39. Qh7+ Kd6
40. Qd7+ Ke5 41. Ke3 Rb8 42. Qc7+ Kf5 43. Qf7+ Ke5 44. Ng6+ Rxg6 45. f4+ Kd6 46.
Qd7+ Kc5 47. Qc7+ Kb5 48. Qxb8+ Ka6 49. Kd4 1-0

[Event "24th ch-EUR Indiv w 2024"]
[Site "Rhodes GRE"]
[Date "2024.04.29"]
[Round "10.35"]
[White "Schulze, Lara"]
[Black "Hapala, Elisabeth"]
[Result "1-0"]
[WhiteTitle "FM"]
[BlackTitle "WFM"]
[WhiteElo "2290"]
[BlackElo "2044"]
[WhiteFideId "12956830"]
[BlackFideId "1622080"]
[EventDate "2024.04.19"]

1. e4 c5 2. Nf3 e6 3. b3 a6 4. Bb2 Nc6 5. c4 Qc7 6. g3 Nf6 7. e5 Ng4 8. Bg2
Ngxe5 9. Nxe5 Nxe5 10. O-O Nd3 11. Bc3 Rb8 12. Qe2 Nb4 13. d4 cxd4 14. Bxd4 Nc6
15. Bb2 Bd6 16. Bxg7 Be5 17. Bxh8 Bxh8 18. Nd2 Bxa1 19. Rxa1 Qe5 20. Qf1 b5 21.
Re1 Qd4 22. Rd1 bxc4 23. Nxc4 Qc3 24. Qe2 Ke7 25. Nd6 a5 26. Qh5 Nd4 27. Qh4+
Kxd6 28. Rxd4+ 1-0

[Event "24th ch-EUR Indiv w 2024"]
[Site "Rhodes GRE"]
[Date "2024.04.29"]
[Round "10.36"]
[White "Urh, Zala"]
[Black "Pirvulescu, Ekaterina"]
[Result "1/2-1/2"]
[WhiteTitle "WIM"]
[BlackTitle "WFM"]
[WhiteElo "2263"]
[BlackElo "2044"]
[WhiteFideId "14611481"]
[BlackFideId "13506374"]
[EventDate "2024.04.19"]

1. d4 d5 2. Nf3 Nf6 3. Bf4 c5 4. e3 Nc6 5. Nbd2 e6 6. c3 Nh5 7. Bg5 f6 8. Bh4 g6
9. Qc2 cxd4 10. cxd4 Be7 11. Be2 Bd7 12. a3 Ng7 13. O-O Rc8 14. Qb1 O-O 15. b4
Nf5 16. Bg3 Nxg3 17. hxg3 Be8 18. Nb3 Bf7 19. Rc1 Nb8 20. Nc5 b6 21. Na6 Nxa6
22. Bxa6 Rxc1+ 23. Qxc1 Be8 24. Qc2 Bd7 25. Rc1 Bd6 26. e4 dxe4 27. Qxe4 Qb8 28.
Nd2 f5 29. Qf3 Bc8 30. Bxc8 Rxc8 31. Re1 Re8 32. Qc6 b5 33. Nf3 Re7 34. Ng5 Qc7
35. Qxc7 Bxc7 36. Rxe6 Rd7 37. Re8+ Kg7 38. Ne6+ Kf7 39. Nxc7 Rxc7 40. Rb8 a6
41. Rb6 Rc1+ 42. Kh2 Rd1 43. Rxa6 Rxd4 44. Ra5 Rd3 45. Rxb5 Rxa3 46. Rb7+ Kf6
47. Rxh7 Rb3 48. Rb7 g5 49. Kh3 Rb1 50. g4 Rb3+ 51. f3 f4 52. Kh2 Rb2 53. Rb8
Kg7 54. b5 Rb1 55. b6 Kh7 56. g3 Rb2+ 57. Kh3 fxg3 58. Kxg3 Kg7 59. Rb7+ Kg6 60.
Rb8 Kg7 61. f4 Rb3+ 62. Kg2 gxf4 63. Kf2 Kh7 64. g5 Kg7 65. b7 Kh7 66. g6+ Kg7
67. Ke2 Re3+ 68. Kf1 Rb3 69. Kf2 f3 70. Kg3 f2+ 71. Kxf2 Rb2+ 72. Ke3 Rb3+ 73.
Kd4 Rb1 74. Kc3 Rb6 75. Kc4 Rb1 76. Kc5 Rc1+ 77. Kd6 Rd1+ 78. Kc6 Rc1+ 79. Kd6
Rd1+ 80. Kc6 1/2-1/2

[Event "24th ch-EUR Indiv w 2024"]
[Site "Rhodes GRE"]
[Date "2024.04.29"]
[Round "10.37"]
[White "Starosta, Martyna"]
[Black "Follana Albelda, Lucia"]
[Result "1-0"]
[WhiteTitle "WFM"]
[WhiteElo "2254"]
[BlackElo "1954"]
[WhiteFideId "21818754"]
[BlackFideId "24516937"]
[EventDate "2024.04.19"]

1. e4 c6 2. d4 d5 3. e5 c5 4. Nf3 cxd4 5. Qxd4 Nc6 6. Qf4 e6 7. Bd3 f6 8. Qh4
Qe7 9. exf6 Nxf6 10. O-O Qb4 11. c4 Be7 12. a3 Qb3 13. Bg6+ Kd8 14. cxd5 exd5
15. Nc3 Qc4 16. Qxc4 dxc4 17. Bf7 Na5 18. Rd1+ Kc7 19. Bf4+ Kb6 20. Ne5 Nb3 21.
Be3+ Ka5 22. Nxc4+ Ka6 23. Nd6 Rd8 24. Bxb3 Rxd6 25. Bc4+ b5 26. Rxd6+ Bxd6 27.
Nxb5 1-0

[Event "24th ch-EUR Indiv w 2024"]
[Site "Rhodes GRE"]
[Date "2024.04.29"]
[Round "10.38"]
[White "Piddubna, Bozhena"]
[Black "Prado Acebo, Ines"]
[Result "1/2-1/2"]
[WhiteTitle "WCM"]
[BlackTitle "WFM"]
[WhiteElo "2005"]
[BlackElo "2229"]
[WhiteFideId "34109293"]
[BlackFideId "22251235"]
[EventDate "2024.04.19"]

1. d4 d5 2. c4 e6 3. Nc3 Nf6 4. cxd5 exd5 5. Bg5 c6 6. e3 h6 7. Bh4 Be7 8. Bd3
O-O 9. Qc2 Re8 10. Nge2 Nbd7 11. h3 a5 12. O-O b5 13. Rac1 Nb6 14. Bg3 Nc4 15.
e4 dxe4 16. Nxe4 Nd5 17. a3 Bf8 18. Nd2 Nxd2 19. Qxd2 b4 20. a4 Bd7 21. Nf4 Qg5
22. h4 Qf6 23. Nxd5 cxd5 24. b3 Rac8 25. Bb1 h5 26. Qd3 g6 27. Be5 Qxh4 28. Qa6
Ra8 29. Qb7 Be6 30. Rc6 Qd8 31. Rfc1 Re7 32. Rc7 Rxc7 33. Rxc7 Rc8 34. Bxg6 Rxc7
35. Bxc7 Qg5 36. Bd3 h4 37. Qb8 h3 38. Bf1 hxg2 39. Bxg2 Qc1+ 40. Kh2 Qh6+ 41.
Kg1 Qc1+ 42. Kh2 1/2-1/2

[Event "24th ch-EUR Indiv w 2024"]
[Site "Rhodes GRE"]
[Date "2024.04.29"]
[Round "10.39"]
[White "Mgeladze, Kesaria"]
[Black "Matnadze Bujiashvili, Ann"]
[Result "0-1"]
[WhiteTitle "WFM"]
[BlackTitle "IM"]
[WhiteElo "2094"]
[BlackElo "2365"]
[WhiteFideId "13621130"]
[BlackFideId "13601377"]
[EventDate "2024.04.19"]

1. e4 g6 2. d4 Bg7 3. Nc3 d6 4. Be3 Nd7 5. Qd2 Ngf6 6. Bh6 O-O 7. O-O-O e5 8.
dxe5 Nxe5 9. f3 Be6 10. h4 Nh5 11. Bxg7 Kxg7 12. Qf2 f5 13. exf5 Bxf5 14. Nge2
Qf6 15. Nd5 Qf7 16. Qd4 Kg8 17. g4 Nxf3 18. Qc4 Be6 19. gxh5 c6 20. hxg6 hxg6
21. Nef4 cxd5 22. Nxd5 Rac8 23. Qe4 Bf5 24. Ne7+ Qxe7 25. Bc4+ Rxc4 26. Qxc4+
Kh7 27. h5 Rc8 28. hxg6+ Kxg6 29. Rdg1+ Ng5 30. Qb5 Rxc2+ 31. Kd1 Rc5 32. Qe2
Rd5+ 33. Ke1 Re5 0-1

[Event "24th ch-EUR Indiv w 2024"]
[Site "Rhodes GRE"]
[Date "2024.04.29"]
[Round "10.40"]
[White "Rudzinska, Michalina"]
[Black "Eric, Jovana"]
[Result "1/2-1/2"]
[WhiteTitle "WIM"]
[BlackTitle "WGM"]
[WhiteElo "2302"]
[BlackElo "2162"]
[WhiteFideId "1172883"]
[BlackFideId "938238"]
[EventDate "2024.04.19"]

1. e4 c5 2. Nf3 d6 3. d4 cxd4 4. Nxd4 Nf6 5. Nc3 a6 6. g3 e5 7. Nde2 Be7 8. Bg2
b5 9. Nd5 Nxd5 10. Qxd5 Ra7 11. Be3 Rb7 12. O-O Nd7 13. b3 O-O 14. Qd3 Nf6 15.
a4 Be6 16. Nc3 Qd7 17. axb5 axb5 18. Bg5 Rc8 19. Bxf6 Bxf6 20. Rfd1 Be7 21. Bf1
b4 22. Nd5 h6 23. Ra4 Qe8 24. Qa6 Rbb8 25. Rxb4 Rxb4 26. Nxb4 Qd7 27. Bb5 Qc7
28. c4 Kh7 29. Ra1 Bg5 30. Qa7 Qc5 31. Nd3 Qxa7 32. Rxa7 Bd8 33. Ra6 Bc7 34. f4
exf4 35. gxf4 Rb8 36. Kg2 Bb6 37. Nb4 Bc8 38. Nc6 Bxa6 39. Nxb8 Bb7 40. Kf3 Ba7
41. Nc6 Bxc6 42. Bxc6 Kg6 43. Ke2 Kf6 44. Kd3 g5 45. fxg5+ hxg5 46. h3 Ke7 47.
e5 dxe5 48. Ke4 Kd6 49. Bd5 Bc5 50. Bxf7 Bb4 51. Kf5 Bd2 52. b4 e4 53. c5+ Ke7
54. c6 Kd6 55. b5 Kc7 56. Kxe4 Bc1 57. Kd5 Be3 1/2-1/2

[Event "24th ch-EUR Indiv w 2024"]
[Site "Rhodes GRE"]
[Date "2024.04.29"]
[Round "10.41"]
[White "Berend, Elvira"]
[Black "Skuhala, Barbara"]
[Result "1/2-1/2"]
[WhiteTitle "WGM"]
[BlackTitle "WFM"]
[WhiteElo "2260"]
[BlackElo "2162"]
[WhiteFideId "4000510"]
[BlackFideId "14605465"]
[EventDate "2024.04.19"]

1. Nf3 Nf6 2. d4 e6 3. Bg5 d5 4. Nbd2 Be7 5. e3 O-O 6. Bd3 Nbd7 7. c3 b6 8. h3
Bb7 9. Qb1 h6 10. Bf4 Bd6 11. O-O Bxf4 12. exf4 Nh5 13. g3 f5 14. Qe1 Re8 15.
Ne5 Nxe5 16. Qxe5 Nf6 17. f3 Nd7 18. Qe3 g6 19. Kh2 Kf7 20. Rfe1 1/2-1/2

[Event "24th ch-EUR Indiv w 2024"]
[Site "Rhodes GRE"]
[Date "2024.04.29"]
[Round "10.42"]
[White "Isgenderova, Hayale"]
[Black "Hryzlova, Sofiia"]
[Result "1-0"]
[WhiteTitle "WIM"]
[BlackTitle "WIM"]
[WhiteElo "2102"]
[BlackElo "2251"]
[WhiteFideId "13401823"]
[BlackFideId "14174669"]
[EventDate "2024.04.19"]

1. e4 e6 2. d4 d5 3. exd5 exd5 4. Bd3 Nc6 5. c3 Bd6 6. Nf3 Bg4 7. O-O Qd7 8.
Re1+ Nge7 9. b4 a6 10. a4 O-O 11. Nbd2 Ng6 12. Qc2 Kh8 13. h3 Be6 14. Nf1 Nce7
15. Ne5 Bxe5 16. dxe5 Nh4 17. Nh2 Rac8 18. f4 d4 19. Qf2 Nhf5 20. g4 Ne3 21.
cxd4 Qxd4 22. Ra3 Qxb4 23. Qxe3 g6 24. Nf3 c5 25. Ra1 Nd5 26. Qe4 c4 27. Bc2 Rg8
28. Kh2 Rcd8 29. f5 Nc3 30. Ba3 Qa5 31. Qe3 gxf5 32. gxf5 Nd5 33. Qf2 Nf4 34.
Be7 Rg2+ 35. Qxg2 Nxg2 36. Rg1 Rd3 37. Bf6+ Kg8 38. Rxg2+ Kf8 39. Bxd3 1-0

[Event "24th ch-EUR Indiv w 2024"]
[Site "Rhodes GRE"]
[Date "2024.04.29"]
[Round "10.43"]
[White "Rzali, Sabina"]
[Black "Borosova, Zuzana"]
[Result "1/2-1/2"]
[WhiteTitle "WCM"]
[BlackTitle "WGM"]
[WhiteElo "2039"]
[BlackElo "2225"]
[WhiteFideId "13410920"]
[BlackFideId "14905779"]
[EventDate "2024.04.19"]

1. e4 e5 2. Nf3 Nc6 3. Bb5 a6 4. Ba4 Nf6 5. d4 exd4 6. O-O Be7 7. e5 Ne4 8. Nxd4
Nc5 9. Bxc6 dxc6 10. Nc3 Ne6 11. Nxe6 Bxe6 12. Qe2 Qd4 13. Rd1 Qc4 14. Qxc4 Bxc4
15. Bf4 Be6 16. Ne2 Rd8 17. Rxd8+ Kxd8 18. Nd4 Bd7 19. Re1 Re8 20. Nf3 h6 21.
Bd2 c5 22. Bc3 Be6 23. a3 Kc8 24. h3 Rd8 25. g4 h5 26. Nh2 b5 27. Ra1 hxg4 28.
hxg4 Bg5 29. f3 Bf4 30. Nf1 Kb7 31. Kf2 Kb6 32. Ne3 a5 33. Ng2 Bh6 34. Kg3 b4
35. Be1 g5 36. Ne3 Bg7 37. f4 gxf4+ 38. Kxf4 Rd4+ 39. Kf3 Bxe5 40. c3 Rf4+ 41.
Kg2 Kb5 42. axb4 cxb4 43. Bg3 Re4 44. Bxe5 Rxe5 45. c4+ Kb6 46. Kf3 Rxe3+ 47.
Kxe3 Bxc4 48. Kd2 Bb3 49. Rf1 Kb5 50. Rf6 a4 51. g5 c6 52. g6 fxg6 53. Rxg6 Bd5
54. Rg4 Ba2 55. Kc2 Be6 56. Rh4 c5 57. Kb1 Bb3 58. Rf4 Bd1 59. Rh4 Bh5 60. Ka1
Bg6 61. Rg4 Bf5 62. Rf4 Bc2 63. Rh4 Bg6 64. Rg4 Bf5 65. Rf4 Be6 66. Rh4 Bb3 67.
Rg4 Bd1 68. Rf4 b3 69. Rf8 Bc2 70. Rb8+ Kc4 71. Ra8 Kb4 72. Rxa4+ Kxa4 1/2-1/2

[Event "24th ch-EUR Indiv w 2024"]
[Site "Rhodes GRE"]
[Date "2024.04.29"]
[Round "10.44"]
[White "Silva, Mariana Sofia T."]
[Black "Pavlidou, Ekaterini"]
[Result "1/2-1/2"]
[WhiteTitle "WCM"]
[BlackTitle "WIM"]
[WhiteElo "1980"]
[BlackElo "2201"]
[WhiteFideId "1911899"]
[BlackFideId "4213262"]
[EventDate "2024.04.19"]

1. d4 Nf6 2. c4 e6 3. Nf3 c5 4. d5 exd5 5. cxd5 d6 6. Nc3 g6 7. Nd2 a6 8. a4
Nbd7 9. e4 Bg7 10. Be2 O-O 11. O-O Rb8 12. a5 Ne8 13. Nc4 Ne5 14. Ne3 f5 15. f4
Nf7 16. exf5 gxf5 17. Bd3 Nh6 18. Qc2 Kh8 19. Kh1 Qh4 20. Bd2 Nf6 21. Be1 Qh5
22. Rf3 Nfg4 23. Rh3 Qf7 24. Nc4 Qg6 25. Nb6 Re8 26. Qd2 Bd4 27. Ne2 Bf2 28. Rf3
Be3 29. Qc3+ Kg8 30. Rg3 Qh5 31. h3 Nf7 32. Bc4 Kf8 33. b3 Qh6 34. Rf3 Re7 35.
Bd3 Nf6 36. Nc4 Nxd5 37. Qb2 Nxf4 38. Nxf4 Bxf4 39. Qf2 Qg7 40. Rd1 Bh6 41. Bxf5
Bxf5 42. Bc3 Qg6 43. Rxf5 Kg8 44. Rf1 Bg7 45. Bf6 Bxf6 46. Rxf6 Qg7 47. Nxd6
Nxd6 48. Rxd6 Rf8 49. Qxf8+ Qxf8 50. Rxf8+ Kxf8 51. Rb6 Kg8 52. Kh2 1/2-1/2

[Event "24th ch-EUR Indiv w 2024"]
[Site "Rhodes GRE"]
[Date "2024.04.29"]
[Round "10.45"]
[White "Dornbusch, Tatiana"]
[Black "Ivan-Gal, Hanna Krisztina"]
[Result "0-1"]
[WhiteTitle "WGM"]
[BlackTitle "WFM"]
[WhiteElo "2199"]
[BlackElo "2161"]
[WhiteFideId "14107449"]
[BlackFideId "711861"]
[EventDate "2024.04.19"]

1. d4 Nf6 2. Nf3 g6 3. g3 Bg7 4. Bg2 O-O 5. c4 d6 6. O-O Nc6 7. Nc3 e5 8. d5 Nb8
9. c5 Na6 10. cxd6 cxd6 11. h3 Bd7 12. Be3 b5 13. a3 Qc7 14. Rc1 Qb7 15. b4 Nb8
16. Nd2 a5 17. Nb3 axb4 18. axb4 Na6 19. Na5 Qb8 20. Qb3 Ne8 21. Rfd1 f5 22. Nc6
Qb7 23. f4 e4 24. Nd4 Nf6 25. Ne6 Rfc8 26. Nxg7 Kxg7 27. Bd4 Kf7 28. Qb2 Ne8 29.
e3 Rc4 30. Bf1 Rxb4 31. Qa3 Nec7 32. g4 Bc8 33. Qa2 Nc5 34. Qf2 Ne8 35. Qh4 Kg8
36. Ne2 Rc4 37. Ng3 Rxc1 38. Rxc1 Nb3 39. Rd1 Nxd4 40. Rxd4 b4 41. Qd8 Kf8 42.
Nxe4 fxe4 43. Rxe4 Be6 44. Rxb4 Qxd5 45. Qb6 Ra2 46. Rb2 Qc5 47. Qxc5 dxc5 48.
Rb7 Ra1 49. Kf2 Nd6 50. Rb8+ Ke7 51. Bg2 c4 52. e4 c3 53. e5 c2 54. exd6+ Kxd6
55. Rb6+ Ke7 56. Rb7+ Bd7 57. Bc6 c1=Q 58. Rxd7+ Ke6 0-1